| 000 | 004360000a22001330004500 | ||
|---|---|---|---|
| 090 |
_aAR _b04455 |
||
| 245 | 1 | 0 | _aTwo species of Canthon Hoffmannsegg (Coleoptera: Scarabaeidae) feed on dead and live invertebrates |
| 041 | 0 | _aInglés | |
| 700 | 1 |
_aDíaz, Alfonzo _998345 |
|
| 700 | 1 |
_aFavila, Mario E. _993038 |
|
| 100 | 1 |
_aVillalobos, Francisco Javier _998346 |
|
| 942 | _cARTICULO | ||
| 773 | 1 |
_tColeopterists Bulletin _h2 _q101-104 _d1998 _g52 |
|
| 999 |
_c13554 _d13554 |
||